000 01092nam a2200289Ia 4500
003 OSt
005 20221005110612.0
006 a|||||r|||| 00| 0
007 ta
008 221004b |||||||| |||| 00| 0 hin d
020 _a9789326351768 (pbk)
_cINR 60.00
024 _a36975
037 _bBW/1690, 15/03/2018, Bookwell
_cTextual
040 _aCRL
_cCRL
_bhin
041 _2hin
_ahin
082 _aO152,6N35x, Q3
100 _aराय, कुबेरनाथ, ले.
245 0 _aप्रिया नीलकण्ठी
246 _aPriyā nīlakaṇṭhī
260 _aनई दिल्ली
_bभारतीय ज्ञानपीठ भारत
_c2013
300 _a128पृ0
_ccm.
490 _aलोकोदय ग्रन्थमाला; ग्रन्थांक 261
650 _a हिन्दी साहित्य
650 _aहिन्दी निबंध
942 _hO152,6N35x, Q3
_cTEXL
_2cc
999 _c1019326
_d1019326